Introducción a los métodos de análisis del discurso: problemas y perspectivas

Saved in:
Bibliographic Details
Main Author: Maingueneau, Dominique (autor)
Format: Book
Language:Spanish
Published: Buenos Aires Hachette 1980
Series:Hachette Universidad
Subjects:
Tags: Add Tag
No Tags, Be the first to tag this record!

MARC

LEADER 00000nam a2200000 a 4500
001 UCQ6009
003 CL-VaPUC
008 981009e19800000ag |||||||||||||||||spa|d
082 0 4 |a 401.41  |b MAI  |2 21 
100 |a Maingueneau, Dominique  |e autor  |9 412 
245 1 0 |a Introducción a los métodos de análisis del discurso: problemas y perspectivas 
300 |a 212 p 
942 |c BK 
945 |d 19981009 00:00:00  |a cmena 
260 |a Buenos Aires  |b Hachette  |c 1980 
650 0 |a Semiótica  |9 265317 
650 0 |a Análisis del discurso  |9 256696 
650 7 |a TEORIA LINGUISTICA  |2 CL-VaPUC  |9 334835 
650 0 |a Lingüística  |9 265068 
650 0 |a Filosofía del lenguaje  |9 257082 
583 |a last modification  |c 20171017 12:20:49  |k Rodrigo Vera 
490 0 |a Hachette Universidad 
999 |c 276013  |d 276011 
952 |0 0  |1 0  |4 0  |6 401_410000000000000_MAI_1980  |7 0  |8 A  |9 313108  |a FDOPOS  |b BIBEDU  |d 2019-11-20  |i 1464825  |l 2  |o 401.41 MAI 1980  |p 1464825  |r 2025-01-22  |s 2024-09-12  |w 2019-11-20  |y BK  |k MLA